[Event "German Bundesliga 2021-22"]
[Site "Germany"]
[Date "2022.04.30"]
[Round "5.9"]
[White "Stern, Rene"]
[Black "Keymer, Vincent"]
[Result "0-1"]
[WhiteElo "2510"]
[BlackElo "2664"]
[Annotator "TA"]
[PlyCount "56"]
[EventDate "2022.03.05"]
[EventType "team-tourn"]
[EventCountry "GER"]
[SourceTitle "playchess.com"]
[Source "ChessBase"]
[SourceQuality "1"]
[TimeControl "40/5400+30:1800+30"]

{[%evp 18,56,15,0,-12,-8,0,-8,-4,-14,-8,-8,-12,-32,-7,-36,-21,-32,0,0,0,0,0,0,-1,0,0,0,0,0,0,-53,-40,-84,-75,-76,-72,-193,-164,-156,-154]} 1. Nf3 {[%emt 0:00:00]} d5 {[%emt 0:00:00]} 2. d4 {[%emt 0:00:00]} Nf6 {[%emt 0:00:00]} 3. c4 {[%emt 0:00:00]} e6 {[%emt 0:00:00]} 4. Nc3 {[%emt 0:00:00]} c6 {[%emt 0:00:00]} 5. e3 {[%emt 0:00:00]} Nbd7 {[%emt 0:00:00]} 6. Bd3 {[%emt 0:00:00]} dxc4 {[%emt 0:00:00]} 7. Bxc4 {[%emt 0:00:00]} b5 {[%emt 0:00:00]} 8. Bd3 {[%emt 0:00:00]} Bb7 {[%emt 0:00:00]} 9. O-O {[%emt 0:00:00]} a6 {[%emt 0:00:00]} 10. a4 {[%emt 0:00:00]} b4 {[%emt 0:07:30] D48: Semi-Slav: Meran System: 7...b5 8 Bd3 a6.} 11. Ne4 {[%emt 0:00:00]} Be7 {[%emt 0:02:30]} 12. Nxf6+ {[%emt 0:05:30]} Bxf6 {[%emt 0:03:30] The position is equal.} 13. e4 {[%emt 0:12:30]} c5 {[%emt 0:05:30][%cal Bc6c5,Bc5c4][%mdl 32]} 14. e5 {[%emt 0:00:30]} Be7 {[%emt 0:01:30] [#]} 15. Re1 $146 {[%emt 0:01:30]} ({Predecessor:} 15. Qe2 cxd4 16. Be4 Qc7 17. Nxd4 O-O 18. Bf4 Nc5 19. Bc2 Rac8 20. Rac1 Rfd8 21. Nb3 {0-1 (37) Hjorth,J (1936)-Lovakovic,F (2361) ICCF email 2017}) 15... Rc8 {[%emt 0:13:30]} 16. Be4 {[%emt 0:05:30]} (16. Qe2 $5 {[%cal Rd3a6]}) 16... Bxe4 {[%emt 0:08:30]} 17. Rxe4 {[%emt 0:00:30]} c4 {[%emt 0:03:30]} 18. Rg4 $1 {[%emt 0:05:30]} g6 {[%emt 0:01:30]} 19. Bh6 {[%emt 0:10:30]} Nb6 {[%emt 0:02:30][%cal Bd7b6,Bb6d5,Bd5c3][%mdl 32]} 20. Nd2 {[%emt 0:07:30]} Nd5 {[%emt 0:07:30]} 21. Ne4 {[%emt 0:03:30]} c3 {[%emt 0:02:30]} 22. bxc3 {[%emt 0:10:30]} Nxc3 {[%emt 0:02:30]} 23. Nxc3 {[%emt 0:04:30]} Rxc3 {[%emt 0:07:30]} 24. Qe2 {[%emt 0:08:30]} (24. a5 $11) 24... Qd5 $15 {[%emt 0:03:30]} 25. Qxa6 {[%emt 0:07:15] [#]} Kd7 $1 {[%emt 0:01:30]} 26. Rg3 {[%emt 0:03:12] Threatens to win with Rxc3.} Rc4 {[%emt 0:05:30][%mdl 1024] ...Ra8 is the strong threat. Black has strong compensation. Dancing on a razor blade.} 27. Rf3 {[%emt 0:10:24]} (27. Qa7+ $17 Rc7 28. Qa6 (28. Qb6 $2 Ra8 $19)) 27... Ra8 $19 {[%emt 0:02:30]} 28. Qb6 {[%emt 0:00:06]} f5 {[%emt 0:20:27] Weighted Error Value: White=0.18 (very precise) /Black=0.04 (flawless)} ({Inferior is} 28... Rxd4 29. h3 Ke8 30. Rf4 Rxf4 31. Bxf4 $15) 0-1

[Event "German Bundesliga 2021-22"]
[Site "Germany"]
[Date "2022.04.30"]
[Round "5.10"]
[White "Maghsoodloo, Parham"]
[Black "Bartel, Mateusz"]
[Result "1-0"]
[WhiteElo "2701"]
[BlackElo "2616"]
[Annotator "TA"]
[PlyCount "153"]
[EventDate "2022.03.05"]
[EventType "team-tourn"]
[EventCountry "GER"]
[SourceTitle "playchess.com"]
[Source "ChessBase"]
[SourceQuality "1"]
[TimeControl "40/5400+30:1800+30"]

{[%evp 30,153,14,11,12,6,4,0,6,0,27,13,22,14,16,20,36,44,51,45,40,43,43,47,57,33,33,21,21,30,78,62,86,81,111,112,157,165,315,135,158,120,121,84,85,72,80,62,46,48,86,37,41,20,27,36,55,55,70,67,81,79,85,83,64,19,20,7,29,0,0,0,0,0,0,0,347,324,347,336,312,322,325,325,318,310,314,297,283,222,250,192,192,0,180,0,197,192,338,297,721,510,474,326,596,510,608,600,795,761,912,782,2353,2126,29982,29981,29986,29987,29987,29988,29988,29989,29989,29989,29991,29992]} 1. d4 {[%emt 0:00:00]} d5 {[%emt 0:00:00]} 2. c4 {[%emt 0:00:00]} c6 {[%emt 0:00:00]} 3. Nf3 {[%emt 0:00:00]} Nf6 {[%emt 0:00:00]} 4. e3 {[%emt 0:00:00]} a6 {[%emt 0:00:00]} 5. Nc3 {[%emt 0:00:00]} e6 {[%emt 0:00:00]} 6. b3 {[%emt 0:00:00]} Bb4 {[%emt 0:00:00]} 7. Bd2 {[%emt 0:00:00]} Nbd7 {[%emt 0:00:00]} 8. Bd3 {[%emt 0:00:00]} O-O {[%emt 0:00:00]} 9. O-O {[%emt 0:00:00]} Qe7 {[%emt 0:00:00]} 10. Qc2 {[%emt 0:04:50]} e5 {[%emt 0:04:04]} 11. dxe5 {[%emt 0:06:25]} Nxe5 {[%emt 0:00:10]} 12. Nxe5 {[%emt 0:00:22]} Qxe5 {[%emt 0:00:04]} 13. cxd5 {[%emt 0:00:58]} cxd5 {[%emt 0:01:49]} 14. Ne2 {[%emt 0:01:23]} Bd6 {[%emt 0:03:31]} 15. Ng3 {[%emt 0:03:14]} Qg5 {[%emt 0:03:30]} 16. f4 {[%emt 0:09:34]} Qh4 {[%emt 0:00:17]} 17. Rf3 {[%emt 0:08:05]} Re8 $1 {[%emt 0:15:28]} 18. Be1 {[%emt 0:29:27]} Qh6 $1 {[%emt 0:07:09]} 19. Rd1 {[%emt 0:10:58]} Ne4 {[%emt 0:09:51]} 20. h3 {[%emt 0:04:55]} f5 {[%emt 0:07:03]} 21. Bxe4 {[%emt 0:00:10]} dxe4 {[%emt 0:09:27]} 22. Rf2 {[%emt 0:00:27]} Bf8 {[%emt 0:00:27]} 23. Bb4 {[%emt 0:03:05]} Qh4 {[%emt 0:11:20]} 24. Kh2 {[%emt 0:04:34]} Bxb4 {[%emt 0:04:25]} 25. Qc4+ {[%emt 0:03:15]} Be6 {[%emt 0:00:05]} 26. Qxb4 {[%emt 0:00:10]} Qe7 $1 {[%emt 0:00:04]} 27. Qa5 {[%emt 0:07:04]} g6 {[%emt 0:00:31]} 28. Rfd2 {[%emt 0:02:05]} Rac8 {[%emt 0:00:11]} 29. Rd6 {[%emt 0:02:08]} Qc7 {[%emt 0:00:17]} (29... Rc2 $11 {deserves consideration.}) 30. Qb4 $16 {[%emt 0:00:58]} a5 {[%emt 0:06:11]} 31. Qd4 {[%emt 0:00:28]} Qc3 {[%emt 0:01:44]} 32. Qb6 $1 {[%emt 0:00:35]} Rc6 {[%emt 0:03:27]} 33. Rxc6 {[%emt 0:00:16]} bxc6 {[%emt 0:00:09]} (33... Qxc6 $142 34. Qxa5 Rc8) 34. Rd6 {[%emt 0:00:03]} (34. Ne2 $1 $18 {[%cal Re2c3] and the rest is easy.} Qb4 35. Qxc6) 34... Bd5 $16 {[%emt 0:00:06]} 35. Rd7 $1 {[%emt 0:00:57]} Rf8 {[%emt 0:02:24]} 36. Ra7 {[%emt 0:00:52]} c5 {[%emt 0:01:06]} 37. Rxa5 {[%emt 0:01:02]} Qxe3 {[%emt 0:00:29]} 38. Qxc5 {[%emt 0:00:05]} (38. Rxc5 {keeps more tension.} Bf7 39. Qc7 h5 40. Rc2) 38... Qxc5 {[%emt 0:00:05]} 39. Rxc5 {[%emt 0:00:02]} Be6 {[%emt 0:00:21]} 40. Nf1 {[%emt 0:00:00]} (40. Ne2 $16) 40... Rd8 $14 {[%emt 0:00:00]} 41. Kg1 {[%emt 0:00:00]} Rd1 {[%emt 0:00:00]} 42. Kf2 {[%emt 0:00:00]} Ra1 {[%emt 0:00:00]} 43. Rc2 {[%emt 0:00:00]} Kf7 {[%emt 0:00:00]} 44. Ng3 {[%emt 0:00:37]} h6 {[%emt 0:00:00]} 45. h4 {[%emt 0:01:04]} Ke7 {[%emt 0:03:17]} 46. Ne2 {[%emt 0:08:16]} Rd1 {[%emt 0:00:11]} 47. b4 {[%emt 0:03:55]} Rb1 $1 {[%emt 0:04:46]} 48. a3 {[%emt 0:00:48]} Bd7 {[%emt 0:00:20]} 49. Ke3 {[%emt 0:04:59]} (49. Nc3 $5 {[%cal Rc3b1]} Ra1 50. Ra2 $11) 49... Rb3+ {[%emt 0:00:47]} 50. Rc3 {[%emt 0:00:06]} Rb2 {[%emt 0:00:03]} 51. g3 {[%emt 0:03:09]} h5 {[%emt 0:02:38]} 52. Nd4 {[%emt 0:07:27]} Rg2 $2 {[%emt 0:00:53][%mdl 8192]} (52... Kd6 $11 {and Black has nothing to worry.}) 53. b5 $1 $18 {[%emt 0:00:07]} Kd6 {[%emt 0:08:54]} 54. a4 {[%emt 0:07:03]} ({Stronger than} 54. b6 Rxg3+ 55. Kd2 Rxc3 56. Kxc3 Bc8 $11) 54... Rxg3+ {[%emt 0:18:15]} 55. Kd2 {[%emt 0:00:04]} Rg2+ {[%emt 0:00:08] [#]} 56. Kc1 $1 {[%emt 0:00:03]} Rg1+ {[%emt 0:01:31]} 57. Kb2 {[%emt 0:01:56]} Rd1 {[%emt 0:00:29]} 58. Nc2 {[%emt 0:00:32]} Rd5 {[%emt 0:02:08]} 59. Nb4 {[%emt 0:00:37]} Rc5 {[%emt 0:02:35]} 60. Na6 {[%emt 0:00:48]} Rd5 {[%emt 0:00:24]} 61. Nb4 {[%emt 0:00:28]} Rc5 $1 {[%emt 0:00:01]} 62. Na6 {[%emt 0:00:26]} Rd5 $1 {[%emt 0:00:02]} 63. Rg3 {[%emt 0:00:05]} e3 {[%emt 0:05:14]} (63... g5 {was necessary.}) 64. Rxe3 {[%emt 0:00:33]} Rd4 $2 {[%emt 0:00:04]} (64... Bxb5 65. axb5 Rxb5+ 66. Kc2 Rb6) 65. Kb3 {[%emt 0:00:56]} Bc8 {[%emt 0:00:44]} 66. Rc3 {[%emt 0:00:27]} Bb7 $2 {[%emt 0:00:45]} (66... Be6+ 67. Ka3 Bc4) 67. a5 $18 {[%emt 0:00:33]} ({Not} 67. Rg3 Rxf4 68. Rxg6+ Ke5 $16) 67... Bd5+ {[%emt 0:00:56] [#]} 68. Ka3 $1 {[%emt 0:00:01]} Bc4 {[%emt 0:00:08]} 69. Ka4 {[%emt 0:00:16]} Rxf4 {[%emt 0:00:48]} 70. Nb4 {[%emt 0:00:01]} Rxh4 {[%emt 0:01:20]} 71. a6 {[%emt 0:00:29]} Kc7 {[%emt 0:00:48]} 72. Ka5 {[%emt 0:00:02]} Re4 {[%emt 0:00:42]} 73. b6+ {[%emt 0:00:05]} Kd6 {[%emt 0:00:04]} 74. a7 {[%emt 0:01:11]} Re5+ {[%emt 0:00:05]} 75. Ka4 {[%emt 0:00:04]} Bb5+ {[%emt 0:00:14]} 76. Kb3 {[%emt 0:00:06]} Re8 {[%emt 0:00:04]} 77. b7 {[%emt 0:00:04]} 1-0

[Event "German Bundesliga 2021-22"]
[Site "Germany"]
[Date "2022.04.30"]
[Round "5.10"]
[White "Kryvoruchko, Yuriy"]
[Black "Svane, Rasmus"]
[Result "1/2-1/2"]
[WhiteElo "2683"]
[BlackElo "2637"]
[Annotator "TA"]
[PlyCount "138"]
[EventDate "2022.03.05"]
[EventType "team-tourn"]
[EventCountry "GER"]
[SourceTitle "playchess.com"]
[Source "ChessBase"]
[SourceQuality "1"]
[TimeControl "40/5400+30:1800+30"]

{[%evp 15,138,0,6,12,12,14,16,20,25,14,17,20,51,12,54,33,27,33,32,-13,-10,-75,-66,-64,-75,-70,-82,-94,-70,-76,-52,-104,-91,-93,-78,-71,-78,-110,-108,-89,-71,-70,-70,-71,-71,-78,-77,-77,-81,-81,-81,-79,-79,-82,-89,-134,-134,-134,-134,-129,-87,-91,-91,-110,-91,-114,-80,-81,-86,-81,-80,-81,-82,-90,-50,-94,-91,-94,-54,-94,-94,-94,-94,-94,-94,-94,-94,-94,-94,-94,-94,-101,-101,-164,-101,-157,-130,-130,-130,-130,-128,-157,-157,-157,-73,-73,-73,-73,-73,-73,-73,-73,-73,-73,-73,-73,-73,-73,-73,-73,-73,-73,-73,-73,0]} 1. c4 {[%emt 0:00:00]} Nf6 {[%emt 0:00:00]} 2. Nc3 {[%emt 0:00:00]} e5 {[%emt 0:00:00]} 3. Nf3 {[%emt 0:00:00]} Nc6 {[%emt 0:00:00]} 4. g3 {[%emt 0:00:00]} d5 {[%emt 0:00:00]} 5. cxd5 {[%emt 0:00:00]} Nxd5 {[%emt 0:00:00]} 6. Bg2 {[%emt 0:00:00]} Bc5 {[%emt 0:00:00]} 7. O-O {[%emt 0:00:00]} O-O {[%emt 0:00:00]} 8. d3 {[%emt 0:00:00]} h6 {[%emt 0:00:00]} 9. Nxd5 {[%emt 0:00:00] A29: English Opening: Four Knights Variation with 4 g3.} Qxd5 {[%emt 0:00:00]} 10. Bd2 {[%emt 0:00:00] [#]} Qe6 $146 {[%emt 0:14:53]} ({Predecessor:} 10... a5 11. Bc3 Qe6 12. Nd2 a4 13. Nc4 f6 14. Rc1 Rd8 15. Qd2 Qe7 16. Qc2 Ra6 17. Bxc6 bxc6 {1-0 (34) Sevian,S (2684)-Robson,R (2676) Saint Louis 2022}) 11. Qc2 {[%emt 0:01:37] The position is equal.} Bd6 {[%emt 0:06:45]} 12. Bc3 {[%emt 0:03:27]} a5 {[%emt 0:07:25]} 13. a3 {[%emt 0:20:25]} Bd7 {[%emt 0:13:25]} 14. Rac1 {[%emt 0:04:24]} Ra6 {[%emt 0:13:11]} 15. Rfd1 {[%emt 0:05:56]} Re8 {[%emt 0:02:52]} 16. e3 {[%emt 0:06:11]} Qg6 {[%emt 0:06:59]} 17. Qe2 {[%emt 0:24:20]} Qh5 {[%emt 0:03:44]} 18. Qc2 {[%emt 0:18:22]} (18. e4 $1 $11 {remains equal.}) 18... Bg4 $17 {[%emt 0:03:21]} 19. Nd2 {[%emt 0:00:04]} Bxd1 {[%emt 0:00:36]} 20. Rxd1 {[%emt 0:00:03]} b5 {[%emt 0:06:40]} 21. Rc1 {[%emt 0:02:55]} Rb8 {[%emt 0:02:52]} 22. Ne4 {[%emt 0:01:17]} b4 {[%emt 0:04:57]} 23. axb4 {[%emt 0:00:41]} (23. Nxd6 $15 bxc3 24. Nc4) 23... Nxb4 {[%emt 0:00:44]} ({Much worse is} 23... Bxb4 $6 24. Bxb4 Nxb4 25. Qxc7 $11) 24. Bxb4 {[%emt 0:03:16]} Bxb4 {[%emt 0:04:09]} 25. Qxc7 {[%emt 0:01:58]} Rab6 {[%emt 0:00:21]} 26. h3 {[%emt 0:02:42]} Qf5 {[%emt 0:02:12]} 27. Qa7 {[%emt 0:01:36]} Bf8 {[%emt 0:01:50]} 28. Qxa5 {[%emt 0:01:27]} Rxb2 {[%emt 0:00:11]} 29. Qd5 {[%emt 0:03:09]} R2b5 {[%emt 0:01:50]} 30. Qc4 {[%emt 0:00:11]} Rb1 {[%emt 0:00:45]} 31. Rxb1 {[%emt 0:00:39]} Rxb1+ {[%emt 0:00:06]} 32. Kh2 {[%emt 0:00:03]} Qd7 {[%emt 0:01:39]} 33. Qc3 {[%emt 0:01:19]} Qb5 {[%emt 0:01:18]} 34. d4 {[%emt 0:00:37]} Rb3 {[%emt 0:01:50][%cal Bb1b3,Bb3b2,Bb2c2][%mdl 32]} 35. Qc8 {[%emt 0:00:28]} exd4 {[%emt 0:00:37]} 36. exd4 {[%emt 0:00:03]} Qb8 {[%emt 0:01:14]} 37. Qd7 {[%emt 0:00:17][%cal Oe4f6]} Rb2 {[%emt 0:00:48]} 38. h4 {[%emt 0:00:29]} Rc2 {[%emt 0:00:47]} 39. Qf5 {[%emt 0:00:33][%cal Oe4f6]} Qc8 {[%emt 0:00:45]} 40. Qd5 {[%emt 0:01:15]} Qc4 {[%emt 0:01:05]} 41. Qf5 {[%emt 0:00:00][%cal Oe4f6]} g6 {[%emt 0:00:00]} 42. Qe5 {[%emt 0:01:02]} Qe6 {[%emt 0:00:00]} 43. h5 {[%emt 0:07:12]} Qxe5 {[%emt 0:08:45]} (43... g5 {is more complex.} 44. Nf6+ Kh8 45. Ng4+ Qxe5 46. dxe5 Rd2) 44. dxe5 {[%emt 0:00:04][%mdl 4096] Endgame KRB-KBN} g5 {[%emt 0:08:52]} 45. Bh3 {[%emt 0:10:30]} Re2 {[%emt 0:05:46]} 46. Bf5 {[%emt 0:02:36]} Kg7 {[%emt 0:01:56][%cal Of8c5]} 47. Kg2 {[%emt 0:00:04] [#]} Bc5 $1 {[%emt 0:02:54]} 48. Kf1 {[%emt 0:07:08]} ({Don't go for} 48. Nxc5 $2 Rxe5 49. Ne4 Rxf5 $19) 48... Rc2 {[%emt 0:00:12]} 49. e6 {[%emt 0:00:02]} fxe6 {[%emt 0:00:58]} 50. Bxe6 {[%emt 0:00:04]} Bd4 {[%emt 0:00:29]} 51. Bd5 {[%emt 0:00:33]} Kf8 {[%emt 0:00:53]} 52. Bb3 {[%emt 0:00:28]} Rb2 {[%emt 0:00:08]} 53. Bc4 {[%emt 0:00:04]} Ke7 {[%emt 0:00:18]} 54. Bg8 {[%emt 0:04:05]} (54. f3 $17 {was worth a try.}) 54... Rb5 {[%emt 0:01:24]} (54... g4 $19 55. Bc4 Rb4) 55. Bc4 {[%emt 0:00:14]} (55. g4 $142) 55... Re5 {[%emt 0:00:40]} 56. Nd2 {[%emt 0:02:40]} Ba7 {[%emt 0:02:06]} 57. Be2 {[%emt 0:00:54]} Ke6 {[%emt 0:01:23]} 58. Bd1 {[%emt 0:01:23]} Rb5 {[%emt 0:00:40] Hoping for ...Rb2.} 59. Be2 {[%emt 0:00:09]} Rb2 {[%emt 0:00:35]} ({Better is} 59... Rb8 60. Bg4+ Kd5) 60. Nf3 {[%emt 0:00:15] Black is better.} Kf5 {[%emt 0:00:47] White must now prevent ...g4.} 61. Nh2 {[%emt 0:00:01] Inhibits g4.} Kf6 {[%emt 0:01:17]} 62. Ng4+ {[%emt 0:00:02]} Kg7 {[%emt 0:00:10]} 63. Bf3 {[%emt 0:00:17]} Bd4 {[%emt 0:00:41]} 64. Be4 {[%emt 0:00:26]} Rb3 {[%emt 0:00:36]} 65. Ke2 {[%emt 0:00:15]} Ra3 {[%emt 0:00:10]} 66. Kf1 {[%emt 0:00:07]} Ra4 {[%emt 0:00:17]} 67. Bf5 {[%emt 0:00:42]} Bc5 {[%emt 0:00:28]} 68. Ke2 {[%emt 0:00:15]} Ra5 {[%emt 0:00:14][%cal Oc5f2]} 69. Bg6 {[%emt 0:00:18]} Ra4 {[%emt 0:00:26] Weighted Error Value: White=0.13 (very precise) /Black=0.10 (very precise)} (69... Ra2+ $17 70. Kf3 Bb6) 1/2-1/2

[Event "German Bundesliga 2021-22"]
[Site "Germany"]
[Date "2022.04.30"]
[Round "5.10"]
[White "Bluebaum, Matthias"]
[Black "Rabiega, Robert"]
[Result "1-0"]
[WhiteElo "2642"]
[BlackElo "2505"]
[Annotator "TA"]
[PlyCount "113"]
[EventDate "2022.03.05"]
[EventType "team-tourn"]
[EventCountry "GER"]
[SourceTitle "playchess.com"]
[Source "ChessBase"]
[SourceQuality "1"]
[TimeControl "40/5400+30:1800+30"]

{[%evp 15,113,9,16,18,10,11,14,0,0,-11,145,34,71,70,67,24,63,61,46,58,60,45,41,0,104,79,79,88,74,79,77,72,87,52,63,40,115,97,130,106,128,139,114,107,120,137,176,168,185,188,193,186,216,208,351,358,340,343,316,274,270,259,252,119,133,134,130,127,117,128,120,132,108,116,132,135,133,142,148,129,133,134,180,196,213,90,89,89,97,90,90,86,106,86,270,252,374,362,266,219]} 1. d4 {[%emt 0:00:00]} d5 {[%emt 0:00:00]} 2. c4 {[%emt 0:00:00]} Nc6 {[%emt 0:00:00]} 3. Nc3 {[%emt 0:00:00]} Nf6 {[%emt 0:00:00]} 4. Nf3 {[%emt 0:00:00]} dxc4 {[%emt 0:00:00]} 5. e4 {[%emt 0:00:00]} Bg4 {[%emt 0:00:00]} 6. Be3 {[%emt 0:00:00]} e6 {[%emt 0:00:00]} 7. Bxc4 {[%emt 0:00:00]} Bb4 {[%emt 0:00:00]} 8. Qc2 {[%emt 0:00:00]} O-O {[%emt 0:00:00]} 9. Rd1 {[%emt 0:00:00] D07: Queen's Gambit: Chigorin Defence.} Bxf3 {[%emt 0:19:00]} 10. gxf3 {[%emt 0:00:00]} Nh5 {[%emt 0:01:30] [#]} 11. h4 $5 $146 {[%emt 0:06:00][%mdl 8] The position is equal. An interesting novelty.} ({Predecessor:} 11. a3 Ba5 12. Rg1 Qh4 13. Bb5 Qxh2 14. Ke2 f5 15. Bxc6 bxc6 16. Kd3 Qh3 17. exf5 Qxf5+ {0-1 (34) Yuffa,D (2587)-Krasenkow,M (2597) Tornelo INT 2021}) 11... Qf6 {[%emt 0:18:30] Prevents f4.} 12. Be2 {[%emt 0:15:30]} e5 $2 {[%emt 0:25:30]} (12... Nf4 $11) 13. Bg5 {[%emt 0:07:30]} ({Only move:} 13. dxe5 $16 Nxe5 14. Bg5) 13... Qd6 {[%emt 0:00:00]} (13... Nxd4 $2 14. Rxd4 $1 {[%mdl 512]} Bxc3+ 15. bxc3 $18) 14. dxe5 {[%emt 0:02:30]} Qxe5 {[%emt 0:02:00]} 15. a3 {[%emt 0:00:30]} (15. Kf1 $5 {[%cal Rc3d5]}) 15... Bd6 {[%emt 0:07:30]} 16. Nd5 $1 {[%emt 0:01:30]} Rae8 {[%emt 0:05:01]} 17. Be3 {[%emt 0:05:30] A strong pair of Bishops.} Nf6 $1 {[%emt 0:05:50]} 18. Rg1 {[%emt 0:11:30][%cal Bh1g1,Bg1g5,Bg5b5][%mdl 32] aiming for f4.} Kh8 $1 {[%emt 0:05:14]} 19. Rg5 {[%emt 0:01:30]} Qe6 {[%emt 0:00:07]} (19... Qh2 $1 $11) 20. Nxf6 {[%emt 0:03:30]} Qxf6 {[%emt 0:00:38]} 21. f4 $1 {[%emt 0:00:00] Strongly threatening e5.} Qe6 {[%emt 0:02:03]} (21... Bxf4 $2 22. Rf5 Qxh4 23. Rxf4 $18 (23. Bxf4 g6 $18)) 22. Bf3 {[%emt 0:13:00]} (22. Qc3 f6 23. Rh5 g6 $15) 22... f6 {[%emt 0:02:06]} 23. Rb5 {[%emt 0:03:30]} Nd8 {[%emt 0:00:12]} 24. h5 {[%emt 0:02:30]} b6 {[%emt 0:02:08]} 25. h6 {[%emt 0:00:30] And now hxg7+ would win.} gxh6 {[%emt 0:03:00]} ({Better is} 25... g6 $14) 26. Rh5 $1 $16 {[%emt 0:02:30]} Nf7 {[%emt 0:01:26]} 27. Qc3 {[%emt 0:00:30]} Bc5 {[%emt 0:00:45]} 28. Bxc5 {[%emt 0:04:30]} bxc5 {[%emt 0:00:05]} 29. Rxc5 {[%emt 0:01:30]} (29. Qxc5 Nd6 30. Rd4 (30. Qxa7 $2 Nxe4 31. Qe3 Ng3 $19) 30... Qa2 $11) 29... Nd6 {[%emt 0:00:31]} 30. Rd4 {[%emt 0:00:30]} (30. Rxc7 Nb5 31. Rdd7 Qxd7 $1 32. Rxd7 Nxc3 33. bxc3 h5 $15) 30... Rf7 {[%emt 0:01:47]} 31. a4 {[%emt 0:01:30]} (31. Rxc7 $2 Nb5 32. f5 (32. Rc6 $2 Qh3 $19) 32... Nxc3 $19) 31... Qh3 {[%emt 0:00:23]} 32. Rh5 $1 {[%emt 0:01:34]} Qe6 {[%emt 0:00:12]} (32... Nxe4 $2 33. Rxh3 Nxc3+ 34. Kf1 $18) 33. Kd2 {[%emt 0:01:15] Black must now prevent e5.} (33. Rxh6 $6 Qf5 $16) 33... Rb8 {[%emt 0:00:17]} 34. Kc2 {[%emt 0:00:59] Inhibits Rb3.} (34. Rxh6 c5 35. Qxc5 Rxb2+ 36. Ke1 (36. Kc1 Qa2) 36... Rg7 $17) 34... Kg7 {[%emt 0:00:54]} (34... Ne8 $142 35. Qc4 (35. Rxh6 c5 $11) 35... Qe7) 35. e5 $18 {[%emt 0:04:26]} Nf5 {[%emt 0:00:44]} 36. Rd3 {[%emt 0:01:22] Bd5 is the strong threat.} Ne7 {[%emt 0:00:27] Against Bd5} 37. Be4 {[%emt 0:02:17]} (37. Qxc7 $2 Rc8 38. Qxc8 (38. exf6+ $2 Rxf6 39. Qxc8 Qxc8+ $19) 38... Qxc8+ $19) 37... f5 {[%emt 0:00:34]} 38. Bg2 {[%emt 0:01:13]} (38. Qxc7 $2 Rc8 39. Rg3+ Kh8 40. Qxc8+ Qxc8+ $19) (38. Rg3+ $6 Kf8 39. Bf3 (39. Qxc7 $2 Rc8 $19) 39... Rg7 $16) 38... Kh8 {[%emt 0:00:31]} 39. Rdh3 {[%emt 0:00:36]} (39. Qxc7 Rg8 40. Rd8 Rfg7 $11) (39. b3 $18 {is more deadly.}) 39... Qa2 {[%emt 0:00:30]} 40. Rxh6 {[%emt 0:08:37]} Qxa4+ {[%emt 0:00:00]} 41. b3 {[%emt 0:00:00] White threatens e6+ and mate.} Qa2+ {[%emt 0:00:00]} 42. Kc1 $1 {[%emt 0:00:00] Threatening mate with e6+.} Qa3+ {[%emt 0:00:00]} 43. Kb1 {[%emt 0:00:00]} (43. Qb2 Qc5+ 44. Qc3 Qb4 $14) 43... Qb4 {[%emt 0:00:00] [#]} 44. Bf1 $1 $36 {[%emt 0:01:11][%cal Bg2f1,Bf1c4,Bc4e6,Be6f5,Bf5e4][%mdl 2080] Keeping Black busy. 0x0.0007b5a3b0e1dp-1022s more active pieces.} ({Not} 44. Qxc7 $2 Rc8 45. Qd7 (45. Qxa7 $2 Qe1+ 46. Ka2 Rc2+ 47. Ka3 Qa1+ 48. Kb4 Qxa7 $19) 45... Qe1+ 46. Ka2 Qxf2+ 47. Ka3 Qxg2 $19) 44... Qxc3 {[%emt 0:00:00]} 45. Rxc3 {[%emt 0:00:30]} Ng6 {[%emt 0:00:00]} 46. Bc4 {[%emt 0:00:30]} Re7 {[%emt 0:02:05]} 47. Rh5 {[%emt 0:01:30]} Rf8 {[%emt 0:00:30]} 48. Rf3 {[%emt 0:01:30]} Rg7 {[%emt 0:04:30]} (48... c6 $16 49. Bd3 a5) 49. Be6 {[%emt 0:04:30]} Ne7 {[%emt 0:00:30]} 50. Rfh3 {[%emt 0:00:00]} (50. Kc2 $18) 50... Ng6 $16 {[%emt 0:03:30]} 51. Bxf5 {[%emt 0:06:00]} Nxf4 {[%emt 0:00:30]} 52. Rxh7+ {[%emt 0:00:30]} Rxh7 {[%emt 0:00:00]} 53. Rxh7+ {[%emt 0:00:30] KRB-KRN} Kg8 {[%emt 0:00:00]} 54. Be4 {[%emt 0:02:30]} Nd5 {[%emt 0:01:30] [#]} 55. Rh3 $1 $18 {[%emt 0:01:44]} c6 {[%emt 0:00:30]} (55... Nb6 $142 56. f3 Rd8) 56. Rg3+ {[%emt 0:00:33]} Kh8 {[%emt 0:00:30]} 57. Rf3 {[%emt 0:00:43] Weighted Error Value: White=0.14 (very precise) /Black=0.25 (precise)} 1-0